| 000 | 00368nam a2200145Ia 4500 | ||
|---|---|---|---|
| 008 | 150201s2003 xx 000 0 und d | ||
| 082 |
_a618 _bI2003R |
||
| 100 | _aRABBANI | ||
| 245 | _aINSTRUMENTS IN OBSTETRICS & GYNACOLOGY | ||
| 250 | _a2ND | ||
| 260 |
_bC.B.S PUBLISHERS & DISTRIBUTERS _aDELHI _c2003 |
||
| 300 | _a1-120 | ||
| 650 | _aGYNAECOLOGY | ||
| 942 |
_2ddc _cBK |
||
| 999 |
_c3913 _d3913 |
||